Online
Catalog

Matemática básica III / (Record no. 45058)

MARC details
000 -CABECERA
campo de control de longitud fija 00949nam a2200265 a 4500
001 - NÚMERO DE CONTROL
campo de control 000045569
003 - IDENTIFICADOR DEL NÚMERO DE CONTROL
campo de control OSt
005 - FECHA Y HORA DE LA ÚLTIMA TRANSACCIÓN
campo de control 20201026090928.0
008 - DATOS DE LONGITUD FIJA--INFORMACIÓN GENERAL
campo de control de longitud fija 150415s1994 dr a 000 0 spa d
040 ## - FUENTE DE LA CATALOGACIÓN
Centro catalogador/agencia de origen DO-SdBNP
Lengua de catalogación spa
Centro/agencia transcriptor DO-SdBNP
082 ## - NÚMERO DE LA CLASIFICACIÓN DECIMAL DEWEY
Número de clasificación 510
Número de documento/Ítem B142m
100 1# - ENTRADA PRINCIPAL--NOMBRE DE PERSONA
Nombre de persona Báez de Erazo, Melba
9 (RLIN) 37061
245 10 - MENCIÓN DE TÍTULO
Título Matemática básica III /
Mención de responsabilidad, etc. Melba Báez de Erazo, Reyita Taveras de Frías.
260 ## - PUBLICACIÓN, DISTRIBUCIÓN, ETC.
Lugar de publicación, distribución, etc. Santo Domingo :
Nombre del editor, distribuidor, etc. Corripio,
Fecha de publicación, distribución, etc. 1994.
300 ## - DESCRIPCIÓN FÍSICA
Extensión xviii, 560 p. :
Otras características físicas il. ;
Dimensiones 23 cm.
500 ## - NOTA GENERAL
Nota general Incluye datos biográficos de las autoras en la solapa de la contracubierta
504 ## - NOTA DE BIBLIOGRAFÍA, ETC.
Nota de bibliografía, etc. Bibliografía : p. 559-560
590 ## - NOTA LOCAL (RLIN)
Nota local Inventariado, 2020/VM
650 #7 - PUNTO DE ACCESO ADICIONAL DE MATERIA--TÉRMINO DE MATERIA
Término de materia o nombre geográfico como elemento de entrada Matemáticas
Subdivisión general Problemas, ejercicios, etc
9 (RLIN) 19473
650 ## - PUNTO DE ACCESO ADICIONAL DE MATERIA--TÉRMINO DE MATERIA
Término de materia o nombre geográfico como elemento de entrada Ecuaciones,
Subdivisión general Problemas, ejercicios etc.
9 (RLIN) 19476
650 #7 - PUNTO DE ACCESO ADICIONAL DE MATERIA--TÉRMINO DE MATERIA
Término de materia o nombre geográfico como elemento de entrada Teoría de conjuntos
Subdivisión general Problemas, ejercicio, etc
9 (RLIN) 77018
700 12 - PUNTO DE ACCESO ADICIONAL--NOMBRE DE PERSONA
Nombre de persona Taveras de Frías, Reyita
9 (RLIN) 37771
942 ## - ELEMENTOS DE PUNTO DE ACCESO ADICIONAL (KOHA)
Fuente del sistema de clasificación o colocación Dewey Decimal Classification
Tipo de ítem Koha Libro
956 ## - LOCALIZACIÓN Y ACCESO ELECTRÓNICOS LOCAL (OCLC)
Nombre del host VMateo
Holdings
Estado de retiro Estado de pérdida Fuente del sistema de clasificación o colocación No para préstamo Código de colección Localización permanente Ubicación/localización actual Ubicación en estantería Fecha de adquisición Fuente de adquisición Número de inventario Total de préstamos Signatura topográfica completa Código de barras Fecha visto por última vez Coste, precio de reemplazo Precio válido a partir de Tipo de ítem Koha
    Dewey Decimal Classification Excluido de préstamo Patrimonio Dominicano Biblioteca Nacional Pedro Henríquez Ureña Patrimonio Dominicano Depósito 15.04.2015 Raniel Deño   BNPHU PD 510 B142m 45569-10 25.06.2020 0.00 25.06.2020 Libro y Folleto Colección Patrimonio Dominicano

Powered by Koha